| 000 | 00366nam a2200145Ia 4500 | ||
|---|---|---|---|
| 008 | 230917s9999||||xx |||||||||||||| ||und|| | ||
| 040 |
_e29694 _aMAIN |
||
| 041 | _aEnglish | ||
| 082 | _a823.08 H225G | ||
| 100 | _aHariharan, Githa | ||
| 245 | 0 | _aGhosts of Vasu Master | |
| 260 |
_aNew Delhi _bPenguine books India (P)ltd. _c1994 |
||
| 300 | _a276 p. | ||
| 942 | _cBK | ||
| 999 |
_c101787 _d101787 |
||